Statistiques concernant Florence - Culture générale

Cliquez ici pour prendre le quiz!

Statistiques générales

  • Ce quiz a été pris 470 fois
  • Le résultat moyen est 10 sur 15

Statistiques - réponses

InformationRéponse% Correct
Famille maître de la ville du XVème au XVIIèmeMédicis
87%
Région dont Florence est capitaleToscane
87%
Symbole représentant la ville sur ses ArmesFleur de {Lys}
86%
Le type de bâtiment qu'est Santa Maria del FioreCathédrale
85%
Nom de la ville en italienFirenze
85%
Nom de la période historique de leur dominationRenaissance
85%
Sculpteur et peintre célèbre originaire de la régionMichel-Ange
80%
Célèbre "vieux" pont, principale attraction touristiquePonte {Vecchio}
60%
Écrivain, père de la langue italienneDante Alighieri
56%
Statue crée par le susmentioné, exposée à la Galleria dell'AccademiaDavid
54%
Marque de luxe locale qui a son musée iciGucci
53%
Fleuve qui passe sous ce pontArno
46%
Dirigeant, dit le Magnifique, qui conduit la ville à son apogéeLaurent de Médicis
45%
Musée ouvert en 1581, attirant aujourd'hui touristes par millionsGalerie des {Offices}
44%
Longue chaîne de montagnes qui passe vers FlorenceApennin
35%

Distribution des résultats

Percentile par nombre de réponses

% des personnes avec chaque résultat

Votre développement - résultats

Vous n’avez pas pris ce quiz